Analyse économique (economics) principes généraux et microéconomie

Guardado en:
Detalles Bibliográficos
Autor principal: Lipsey, Richard G.
Otros Autores: Steiner, Peter O.
Formato: Libro
Lenguaje:francés
Publicado: Paris Éditions Cujas 1975
Etiquetas: Agregar Etiqueta
Sin Etiquetas, Sea el primero en etiquetar este registro!

MARC

LEADER 00000nam$a2200000$$$4500
001 0113539
005 20221205071645.1
020 |a 2-254-83070-6 
041 0 |a fre 
044 |a FR 
245 1 0 |a Analyse économique (economics)  |b principes généraux et microéconomie  |c Lipsey et Steiner 
264 1 |a Paris  |b Éditions Cujas  |c 1975 
300 |a 503 s. 
100 1 |a Lipsey, Richard G. 
700 1 |a Steiner, Peter O.